000 00561nam a2200241 a 4500
001 nice12345678
003 IN_TiNIC
005 20260116012927.0
008 050524s1892 lona grp 000 0 eng
020 _a
_c100
082 0 0 _a954
_bMUL
100 _aMuller, F Max
245 _aIndia, What Can It Teach Us
260 _aLondon
_bLongmans, Green and Co
_c1892
300 _a315p
500 _aincludes index and biblioraphy
505 2 _aIndex
650 _aIndia
700 1 _aMuller, F Max
902 _bSRS
942 _cBK
999 _c8928
_d8928